000
00331nam a2200145Ia 4500
008
210210b1934 xxu||||| |||| 00| 0 eng d
041
_a
eng
082
_a
825/54
100
_a
BAILEY (Ruth)
245
_a
Shelley
260
_a
London
_b
Not Mentioned
_c
1934
650
_a
Shelley
690
_a
English Criticism
906
_a
014372
999
_c
133536
_d
133536